[Event "CZE-chT 2223"]
[Site "Czech Republic"]
[Date "2023.03.26"]
[Round "11.4"]
[White "Krejci, Jan1111"]
[Black "Ludvik, Tomas"]
[Result "1-0"]
[WhiteElo "2514"]
[BlackElo "2231"]
[PlyCount "117"]
[EventDate "2022.10.15"]
[EventType "team-tourn"]
[EventRounds "11"]
[EventCountry "CZE"]
[SourceTitle "CBM 213 Extra"]
[Source "ChessBase"]
[SourceDate "2023.05.31"]
[SourceVersion "1"]
[SourceVersionDate "2023.05.31"]
[SourceQuality "1"]
[WhiteTeam "Novoborsky"]
[BlackTeam "Pardubice"]
[WhiteTeamCountry "CZE"]
[BlackTeamCountry "CZE"]

1. c4 e6 2. Nf3 d5 3. e3 Nf6 4. b3 c6 5. Bb2 Nbd7 6. Be2 Bd6 7. d4 0-0 8. 0-0 b6 9. Nc3 Bb7 10. Qc2 Qe7 11. Rad1 Rad8 12. Rfe1 Rfe8 13. g3 c5 14. cxd5 exd5 15. Bf1 a6 16. Bg2 b5 17. dxc5 Bxc5 18. Ne2 Ne4 19. Nf4 Ndf6 20. Nd3 Bd6 21. Bd4 Rc8 22. Qb2 b4 23. Rc1 Rxc1 24. Rxc1 Rc8 25. Nfe5 Rxc1+ 26. Qxc1 a5 27. f3 Ng5 28. Nc6 Qc7 29. Bxf6 gxf6 30. Nd4 Qd7 31. Qc2 Ne6 32. Nf5 Bf8 33. Bh3 Qd8 34. Qd2 Ba6 35. Nf2 Ng5 36. Bg4 Qc7 37. Nd1 Qe5 38. Qd4 h5 39. f4 Qc7 40. Bxh5 Ne4 41. Bf3 Nc3 42. Nf2 Bc5 43. Qd2 Qb6 44. Ng4 Kf8 45. h4 Qb5 46. Qf2 Qd3 47. Nd4 Bxd4 48. exd4 Ne4 49. Bxe4 dxe4 50. Kg2 Bc8 51. f5 Bb7 52. Qe3 Qc2+ 53. Kh3 Ke7 54. d5 Bxd5 55. Qa7+ Kf8 56. Qxa5 Qd2 57. Qd8+ Kg7 58. Qxf6+ Kh7 59. Qg5 1-0

[Event "Pardubice Czech op-A 33rd"]
[Site "Pardubice"]
[Date "2022.07.30"]
[Round "9"]
[White "Neuman, Petr"]
[Black "Ludvik, Tomas"]
[Result "1-0"]
[WhiteElo "2378"]
[BlackElo "2223"]
[PlyCount "155"]
[EventDate "2022.07.22"]
[EventType "swiss"]
[EventRounds "9"]
[EventCountry "CZE"]
[SourceTitle "CBM 209 Extra"]
[Source "ChessBase"]
[SourceDate "2022.09.30"]
[SourceVersion "1"]
[SourceVersionDate "2022.09.30"]
[SourceQuality "1"]

1. c4 e6 2. Nc3 d5 3. d4 Nf6 4. cxd5 exd5 5. Bg5 c6 6. e3 Nbd7 7. Bd3 Be7 8. Nge2 0-0 9. 0-0 Re8 10. Qc2 Nf8 11. Rab1 a5 12. f3 Be6 13. Bh4 Rc8 14. Rbd1 Ng6 15. Bf2 b5 16. Kh1 Qd7 17. Bg1 Nh4 18. Nf4 Bf5 19. e4 dxe4 20. fxe4 Bg4 21. Rde1 Ng6 22. e5 Nd5 23. Nfxd5 cxd5 24. Qb3 Red8 25. Qxb5 Rb8 26. Qxd7 Rxd7 27. Bb5 Rdd8 28. Rc1 Rxb5 29. Nxb5 Be2 30. a4 Bxf1 31. Rxf1 Nf8 32. Rc1 Ne6 33. Rc6 Bb4 34. Be3 Kf8 35. Kg1 Ke8 36. Kf2 Kd7 37. Rc1 f6 38. exf6 Rf8 39. Ke2 Rxf6 40. g3 Rf8 41. Rf1 Rxf1 42. Kxf1 Nd8 43. Ke2 Nc6 44. Kf3 Be7 45. Bd2 g6 46. Ke2 Bf6 47. Kd3 Be7 48. Bf4 Bf6 49. b3 Be7 50. Bc7 Nb4+ 51. Kc3 Nc6 52. Bb6 h5 53. h3 Bb4+ 54. Kd3 Be7 55. g4 hxg4 56. hxg4 Bg5 57. Kc3 Bh4 58. Kd2 Bg5+ 59. Kd3 Bh4 60. Bc5 Bd8 61. Nc3 Ke6 62. Na2 Kd7 63. b4 axb4 64. Bxb4 Bb6 65. Bc3 Kd6 66. Nc1 Bd8 67. Bd2 Bb6 68. Ne2 Ba7 69. Bc3 Kd7 70. Ke3 g5 71. Kd3 Ke6 72. Ng1 Nd8 73. Nf3 Kf6 74. Bb4 Bb6 75. a5 Bc7 76. a6 Nc6 77. Bc5 Bb8 78. Kc3 1-0

[Event "Pardubice Czech op-A 33rd"]
[Site "Pardubice"]
[Date "2022.07.29"]
[Round "8"]
[White "Ludvik, Tomas"]
[Black "Sorensen, Hampus"]
[Result "0-1"]
[WhiteElo "2223"]
[BlackElo "2376"]
[PlyCount "146"]
[EventDate "2022.07.22"]
[EventType "swiss"]
[EventRounds "9"]
[EventCountry "CZE"]
[SourceTitle "CBM 209 Extra"]
[Source "ChessBase"]
[SourceDate "2022.09.30"]
[SourceVersion "1"]
[SourceVersionDate "2022.09.30"]
[SourceQuality "1"]

1. Nf3 d5 2. c4 e6 3. g3 dxc4 4. Qa4+ Nd7 5. Qxc4 a6 6. Bg2 b5 7. Qc2 Bb7 8. 0-0 c5 9. d3 Ngf6 10. a4 Be7 11. Nc3 b4 12. Nb1 0-0 13. Bg5 h6 14. Bxf6 Nxf6 15. Nbd2 Rc8 16. Rfc1 Qc7 17. Nc4 Nd5 18. Nfd2 Rfd8 19. Nb3 h5 20. Nca5 Ba8 21. Qc4 Qa7 22. Bf3 Bg5 23. Rd1 Nb6 24. Qc2 Bxf3 25. exf3 h4 26. Qe2 Bf6 27. Rdc1 Rd5 28. Nc4 Rcd8 29. Rd1 Rc8 30. Ne3 Rd7 31. Rdc1 Nd5 32. Rc2 Rdc7 33. Rac1 Bg5 34. f4 Nxe3 35. fxe3 Be7 36. Rc4 Qb7 37. Qg2 Qd5 38. Qe2 e5 39. e4 Qd7 40. f5 Qxa4 41. Qc2 Qd7 42. Kf2 Qd6 43. Qd2 Qd8 44. Qc2 Rc6 45. Kg2 Bg5 46. Re1 Qd6 47. Na5 R6c7 48. Nb3 Qb6 49. Qf2 Be7 50. Qe3 a5 51. Ra1 Ra7 52. Nd2 Rd8 53. Rc2 a4 54. Nc4 Qb8 55. Rd2 Rd4 56. Rdd1 Bf6 57. Qe2 Bg5 58. Qg4 f6 59. gxh4 Bh6 60. Qe2 Qd8 61. Qc2 b3 62. Qe2 Kh7 63. h3 Rad7 64. Rxa4 Rxd3 65. Rxd3 Rxd3 66. Ra8 Qxa8 67. Qxd3 Qc6 68. Nd6 Bf4 69. Nc4 Qa8 70. Qf3 Kg8 71. Nd6 Qa2 72. Nc4 Qb1 73. Nd6 Qxb2+ 0-1

[Event "CZE-chT 2122"]
[Site "Czech Republic"]
[Date "2022.02.13"]
[Round "10.3"]
[White "Ludvik, Tomas"]
[Black "Kusa, Jakub"]
[Result "1/2-1/2"]
[WhiteElo "2201"]
[BlackElo "2303"]
[PlyCount "55"]
[EventDate "2021.10.15"]
[EventType "team-tourn"]
[EventRounds "15"]
[EventCountry "CZE"]
[SourceTitle "EXT 2023"]
[Source "ChessBase"]
[SourceDate "2022.10.05"]
[SourceVersion "1"]
[SourceVersionDate "2022.10.05"]
[SourceQuality "1"]
[WhiteTeam "Pardubice"]
[BlackTeam "Brno Moravska Slavia"]
[WhiteTeamCountry "CZE"]
[BlackTeamCountry "CZE"]

1. d4 Nf6 2. c4 e6 3. Nf3 d5 4. Nc3 Be7 5. Bf4 0-0 6. e3 c5 7. dxc5 Bxc5 8. Qc2 Nc6 9. a3 Re8 10. Bg5 Be7 11. Rd1 Qa5 12. Bd3 h6 13. Bh4 dxc4 14. Bxc4 a6 15. 0-0 b5 16. Ba2 Bb7 17. Bb1 Rad8 18. Ne4 Nxe4 19. Qxe4 g6 20. Bxe7 Rxe7 21. Qh4 Kg7 22. Ne5 Rxd1 23. Rxd1 Qc7 24. Ng4 h5 25. Qf6+ Kh7 26. Qh4 Kg7 27. Qf6+ Kh7 28. Qh4 1/2-1/2

[Event "CZE-chT 2122"]
[Site "Czech Republic"]
[Date "2022.01.30"]
[Round "8.2"]
[White "Sorm, Daniel"]
[Black "Ludvik, Tomas"]
[Result "1-0"]
[WhiteElo "2347"]
[BlackElo "2201"]
[PlyCount "69"]
[EventDate "2021.10.15"]
[EventType "team-tourn"]
[EventRounds "15"]
[EventCountry "CZE"]
[SourceTitle "EXT 2023"]
[Source "ChessBase"]
[SourceDate "2022.10.05"]
[SourceVersion "1"]
[SourceVersionDate "2022.10.05"]
[SourceQuality "1"]
[WhiteTeam "Unichess"]
[BlackTeam "Pardubice"]
[WhiteTeamCountry "CZE"]
[BlackTeamCountry "CZE"]

1. d4 d5 2. c4 c6 3. Nf3 Nf6 4. Nc3 e6 5. Bg5 Nbd7 6. cxd5 exd5 7. e3 Qa5 8. Nd2 Bd6 9. Bd3 0-0 10. 0-0 Re8 11. Qc2 Qc7 12. Nf3 h6 13. Bh4 Ng4 14. h3 Ngf6 15. Rae1 g5 16. Bg3 Bxg3 17. fxg3 Qxg3 18. e4 dxe4 19. Bxe4 Kg7 20. Re2 Re6 21. Ref2 Qd6 22. d5 Nxe4 23. Nxe4 Rxe4 24. Qxe4 Qxd5 25. Qe7 Qc5 26. Qxc5 Nxc5 27. Nd4 Be6 28. Nxe6+ fxe6 29. Rf7+ Kg8 30. b4 Ne4 31. Rxb7 a5 32. bxa5 Rxa5 33. Rd1 Rd5 34. Rxd5 exd5 35. a4 1-0

[Event "CZE-chT1W 2122"]
[Site "Czech Republic"]
[Date "2022.01.23"]
[Round "7.3"]
[White "Ludvik, Tomas"]
[Black "Pribyl, Josef"]
[Result "1-0"]
[WhiteElo "2201"]
[BlackElo "2235"]
[PlyCount "79"]
[EventDate "2021.10.10"]
[EventType "team-tourn"]
[EventRounds "11"]
[EventCountry "CZE"]
[SourceTitle "EXT 2023"]
[Source "ChessBase"]
[SourceDate "2022.10.05"]
[SourceVersion "1"]
[SourceVersionDate "2022.10.05"]
[SourceQuality "1"]
[WhiteTeam "Polabiny II"]
[BlackTeam "Praha DP EA Hotels"]
[WhiteTeamCountry "CZE"]
[BlackTeamCountry "CZE"]

1. d4 Nf6 2. c4 g6 3. Nc3 d5 4. Bf4 Bg7 5. e3 0-0 6. Rc1 c6 7. Nf3 Qa5 8. Qd2 Be6 9. Ng5 Bf5 10. Be2 Nbd7 11. cxd5 cxd5 12. h3 h6 13. Nf3 Rfc8 14. 0-0 a6 15. Ne5 Be6 16. Rfd1 Qd8 17. Bf3 Nb6 18. b3 Nfd7 19. Nd3 g5 20. Bg3 f5 21. Ne2 Rxc1 22. Rxc1 Rc8 23. Nc5 Nxc5 24. dxc5 g4 25. Nf4 Qd7 26. Nxe6 Qxe6 27. hxg4 fxg4 28. Be2 Nd7 29. Qb4 h5 30. Qxb7 Rxc5 31. Qa8+ Kf7 32. Rd1 a5 33. Ba6 Nf6 34. Bb7 Bh6 35. Bh4 d4 36. exd4 Rc2 37. Ba6 Kg7 38. Bc4 Qb6 39. Bxf6+ Kxf6 40. Qh8+ 1-0

[Event "Pardubice Czech op-A 32nd"]
[Site "Pardubice"]
[Date "2021.07.26"]
[Round "4"]
[White "Delgerdalai, Bayarjavkhlan"]
[Black "Ludvik, Tomas"]
[Result "1/2-1/2"]
[WhiteElo "1892"]
[BlackElo "2212"]
[PlyCount "72"]
[EventDate "2021.07.23"]
[EventType "swiss"]
[EventRounds "9"]
[EventCountry "CZE"]
[SourceTitle "CBM 203 Extra"]
[Source "ChessBase"]
[SourceDate "2021.09.30"]
[SourceVersion "1"]
[SourceVersionDate "2021.09.30"]
[SourceQuality "1"]

1. e4 e6 2. d4 d5 3. e5 c5 4. c3 Qb6 5. Nf3 Nc6 6. Bd3 cxd4 7. 0-0 Bd7 8. Nbd2 Rc8 9. Nb3 Nge7 10. Nbxd4 Nxd4 11. Nxd4 Nc6 12. Nxc6 Bxc6 13. Qe2 a6 14. a4 a5 15. Bd2 Be7 16. b4 Qc7 17. b5 Bd7 18. f4 0-0 19. Rf3 g6 20. Rh3 f5 21. g4 Rf7 22. Kh1 Kh8 23. Rg1 Rg8 24. Rhg3 Rfg7 25. g5 Rc8 26. h4 Kg8 27. h5 Kf7 28. Rh3 Qc5 29. Ra1 b6 30. Kg2 Rd8 31. Kg3 Bc8 32. Rhh1 d4 33. c4 Bb7 34. Rhc1 Rh8 35. h6 Rgg8 36. Rc2 Rc8 1/2-1/2

[Event "Prague op"]
[Site "Prague"]
[Date "2021.06.15"]
[Round "2"]
[White "Ludvik, Tomas"]
[Black "Rasik, Vitezslav"]
[Result "0-1"]
[WhiteElo "2203"]
[BlackElo "2451"]
[PlyCount "64"]
[EventDate "2021.06.14"]
[EventType "swiss"]
[EventRounds "9"]
[EventCountry "CZE"]
[SourceTitle "CBM 203 Extra"]
[Source "ChessBase"]
[SourceDate "2021.09.30"]
[SourceVersion "1"]
[SourceVersionDate "2021.09.30"]
[SourceQuality "1"]

1. e4 d6 2. d4 g6 3. Nc3 Bg7 4. Be3 c6 5. Qd2 b5 6. Bd3 Nd7 7. Nf3 a6 8. a4 Bb7 9. 0-0 Qc7 10. h3 Ngf6 11. b4 0-0 12. Rfb1 Rfe8 13. Bf4 e5 14. dxe5 dxe5 15. Be3 Bf8 16. Ne2 c5 17. bxc5 Nxe4 18. Bxe4 Bxe4 19. axb5 axb5 20. Rxa8 Bxa8 21. Nc3 Nxc5 22. Rxb5 Ne4 23. Nxe4 Bxe4 24. Nxe5 Rxe5 25. Bf4 Bd6 26. Bxe5 Bxe5 27. Qe3 Bh2+ 28. Kh1 Bc6 29. Rc5 Bd6 30. Rc3 Qa5 31. f4 Qa1+ 32. Kh2 Bxf4+ 0-1

[Event "CZE-ch rapid U20"]
[Site "Ceska Trebova"]
[Date "2020.09.19"]
[Round "3"]
[White "Horak, Vojtech"]
[Black "Ludvik, Tomas"]
[Result "0-1"]
[WhiteElo "1595"]
[BlackElo "1997"]
[PlyCount "52"]
[EventDate "2020.09.19"]
[EventType "swiss (rapid)"]
[EventRounds "9"]
[EventCountry "CZE"]
[SourceTitle "CBM 198 Extra"]
[Source "ChessBase"]
[SourceDate "2020.11.30"]
[SourceVersion "1"]
[SourceVersionDate "2020.11.30"]
[SourceQuality "1"]

1. Nf3 d5 2. b3 Nf6 3. Bb2 c6 4. g3 Bf5 5. Bg2 e6 6. 0-0 h6 7. d3 Be7 8. Nbd2 0-0 9. c4 Nbd7 10. Rc1 a5 11. cxd5 exd5 12. Ne5 Nxe5 13. Bxe5 Re8 14. Nf3 Bf8 15. Qc2 Nd7 16. Bb2 a4 17. Rfe1 axb3 18. axb3 Qb6 19. e4 dxe4 20. dxe4 Bh7 21. Bh3 Rad8 22. Bd4 Qb5 23. Bf1 Qh5 24. Kg2 Bb4 25. Re3 Nf8 26. Be2 Ne6 0-1

[Event "CZE-ch"]
[Site "Plzen"]
[Date "2020.08.30"]
[Round "8"]
[White "Ludvik, Tomas"]
[Black "Brozka, Karel"]
[Result "1-0"]
[WhiteElo "2202"]
[BlackElo "1991"]
[PlyCount "65"]
[EventDate "2020.08.23"]
[EventType "swiss"]
[EventRounds "9"]
[EventCountry "CZE"]
[SourceTitle "CBM 198 Extra"]
[Source "ChessBase"]
[SourceDate "2020.11.30"]
[SourceVersion "1"]
[SourceVersionDate "2020.11.30"]
[SourceQuality "1"]

1. d4 Nf6 2. c4 g6 3. Nc3 Bg7 4. e4 d6 5. Nf3 Nbd7 6. Be2 0-0 7. 0-0 e5 8. Be3 c6 9. d5 Qe7 10. Qc2 Ne8 11. Nd2 f5 12. exf5 gxf5 13. f3 Ndf6 14. Rad1 Qf7 15. dxc6 bxc6 16. b4 Nc7 17. Qa4 d5 18. Bc5 Bb7 19. Bxf8 Bxf8 20. cxd5 cxd5 21. f4 e4 22. Nb3 Ne6 23. Nb5 Bc6 24. Na5 Bxb5 25. Qxb5 Bd6 26. Qc6 Qf8 27. Rxd5 Rd8 28. Nb7 Nxf4 29. Rxf4 Nxd5 30. Qxd5+ Kh8 31. Qd4+ Qg7 32. Qxg7+ Kxg7 33. Nxd8 1-0

[Event "CZE-ch"]
[Site "Plzen"]
[Date "2020.08.25"]
[Round "3"]
[White "Simacek, Pavel"]
[Black "Ludvik, Tomas"]
[Result "1-0"]
[WhiteElo "2474"]
[BlackElo "2202"]
[PlyCount "61"]
[EventDate "2020.08.23"]
[EventType "swiss"]
[EventRounds "9"]
[EventCountry "CZE"]
[SourceTitle "CBM 198 Extra"]
[Source "ChessBase"]
[SourceDate "2020.11.30"]
[SourceVersion "1"]
[SourceVersionDate "2020.11.30"]
[SourceQuality "1"]

1. d4 d5 2. c4 c6 3. Nc3 e6 4. e4 dxe4 5. Nxe4 Bb4+ 6. Bd2 Qxd4 7. Bxb4 Qxe4+ 8. Be2 Qxg2 9. Bf3 Qg5 10. Ne2 Nd7 11. Rg1 Qf6 12. Bc3 e5 13. Ng3 g6 14. Ne4 Qe6 15. Qd2 f5 16. Nd6+ Ke7 17. 0-0-0 Ngf6 18. Qg5 Kd8 19. Ba5+ Ke7 20. Rge1 Rg8 21. Bb4 Kd8 22. Ba5+ Ke7 23. Bh1 Kf8 24. Bc3 Rg7 25. f4 e4 26. Bxe4 h6 27. Qh4 g5 28. Qxh6 fxe4 29. Rxe4 Qg4 30. Bxf6 Nxf6 31. Qh8+ 1-0

[Event "Prague Summer op 7th"]
[Site "Prague"]
[Date "2020.08.13"]
[Round "7"]
[White "Ludvik, Tomas"]
[Black "Simek, Petr1111"]
[Result "1/2-1/2"]
[WhiteElo "2202"]
[BlackElo "2324"]
[PlyCount "47"]
[EventDate "2020.08.08"]
[EventType "swiss"]
[EventRounds "9"]
[EventCountry "CZE"]
[SourceTitle "CBM 197 Extra"]
[Source "ChessBase"]
[SourceDate "2020.09.30"]
[SourceVersion "1"]
[SourceVersionDate "2020.09.30"]
[SourceQuality "1"]

1. d4 Nf6 2. c4 e6 3. Nf3 d5 4. Nc3 Nbd7 5. Bf4 dxc4 6. e3 Nd5 7. Bxc4 Nxf4 8. exf4 Nb6 9. Bb3 g6 10. 0-0 Bg7 11. Rc1 0-0 12. g3 Nd5 13. Qc2 c6 14. Rfd1 Qe7 15. Ne4 Rd8 16. Nc5 b6 17. Ne4 Bb7 18. Ne5 Rac8 19. a3 h6 20. Ba4 Rc7 21. b4 Rdc8 22. Qd2 Nf6 23. Nc3 a6 24. Bb3 1/2-1/2